Neuquén, su historia, geografía y toponimia /
Guardado en:
| Autor Principal: | |
|---|---|
| Formato: | Libro |
| Idioma: | Spanish |
| Publicado: |
Neuquén :
Ministerio de cultura y educación de la Nación, Gobierno de la provincia del Neuquén,
1981.
|
| Materias: | |
| Etiquetas: |
Agregar Etiqueta
Sin Etiquetas, Sea el primero en etiquetar este registro!
|
| LEADER | 00561nam a22001575a 4500 | ||
|---|---|---|---|
| 001 | EUN.um055048 | ||
| 003 | AR-BaUNS | ||
| 005 | 20050623122921.0 | ||
| 008 | 041125s1981####ag#a##########000#0#spa#d | ||
| 245 | 1 | 0 | |a Neuquén, su historia, geografía y toponimia / |c Gregorio Alvarez. |
| 260 | |a Neuquén : |b Ministerio de cultura y educación de la Nación, Gobierno de la provincia del Neuquén, |c 1981. | ||
| 300 | |a v. : |b ilus. ; |c 28 cm. | ||
| 100 | 1 | |a Alvarez, Gregorio. | |
| 082 | 0 | 4 | |a 982.71 |
| 653 | |a Neuquen | ||
| 859 | |a Ar-BaUNS |b BIB. CENTRAL - Sector A |h 982.71 |i AL86 |p 89124/982 |v v.2 | ||
